000 00553nam a22001817a 4500
999 _c7525
_d7525
003 GBCCL
005 20241126110630.0
008 180820b ||||| |||| 00| 0 eng d
040 _cgbc
082 _a223.207
_bEVA
100 _aEvans, William
_913302
245 _aThe shepherd Psalm :
_band, Looking beyond/
_cBy William Evans.
260 _c1932.
_aChicago :
_bMoody Bible Institute,
300 _a128p.;
650 _aBible. -- Psalms, XXIII -- Commentaries.
_913303
650 _aFuture life. Bible. -- Psalms, XXIII.
_913304
942 _2ddc
_cBK
_01